LIBRARY & INFORMATION CENTRE, KCAET, TAVANUR

ONLINE PUBLIC ACCESS CATALOGUE (OPAC)

Concepts of science / (Record no. 10721)

MARC details
000 -LEADER
fixed length control field 00454cam a2200193ua 4500
041 ## - LANGUAGE CODE
Language code of text/sound track or separate title eng
082 ## - DEWEY DECIMAL CLASSIFICATION NUMBER
Classification number 500
Item number CUL/CO
100 ## - MAIN ENTRY--AUTHOR NAME
Personal name Cull, R G .
245 ## - TITLE STATEMENT
Title Concepts of science /
250 ## - EDITION STATEMENT
Edition statement 3 /
260 ## - PUBLICATION, DISTRIBUTION, ETC. (IMPRINT)
Place of publication New Delhi :
Name of publisher Wiley Eastern Ltd ,
Year of publication 1981.
300 ## - PHYSICAL DESCRIPTION
Number of Pages 288 ; .
700 1# - ADDED ENTRY--PERSONAL NAME
Personal name Drake , W A .
942 ## - ADDED ENTRY ELEMENTS (KOHA)
Koha item type Books
Holdings
Withdrawn status Lost status Damaged status Home library Current library Date acquired Full call number Accession Number Koha item type
      KAUAET KAUAET 07/04/2012 500 20335 Books
free website counter